000 00698nam a2200241Ia 4500
003 OSt
005 20220925233300.0
006 a|||||r|||| 00| 0
007 ta
008 220923b |||||||| |||| 00| 0 eng d
037 _cGeneral Book
040 _aRTL
_cRTL
_beng
041 _2eng
_aeng
082 _aX3:89M.2.N54, J4
110 _aINDIA, CABINET SECRETARIAT,O&M(Division)
_9298600
245 0 _aDescriptive memoir of the ministry of communications
260 _a New Delhi
_c1954
300 _a42p
_ccm.
500 _aApp.:19-42p
700 _aINDIA, CABINET SECRETARIAT,O&M(Division)
_9298601
942 _hX3:89M.2.N54, J4
_cGB
_2CC
999 _c593291
_d593291